01470nam0a22002531 4500001001100000005001700011021001900028035002600047100004100073101000800114102000700122105001800129200042500147210003500572215001500607300005900622606018000681606014200861700007301003712008101076801001801157801002201175852001901197rc\450257220260407122500.0 aRUb[60-36329] a(NLR Aleph) 008613890 a20130416d1960 |||y0rusy50 ca0 arus aRU ay z |||||1 aХроника важнейших событий Великой Октябрьской социалистической революции в Казахстане. (25 октября - 7 ноября 1917 г. - 4 октября 1920 г.)fО-во по распространению полит. и науч. знаний КазССР. Ин-т истории партии при ЦК КП Казахстана aАлма-АтаcБ. и.d1960 a59 с.d20 aСост. указан на обороте тит. л. aИностранная военная интервенция и гражданская война в СССР 1918-1920 гг.yКазахстанxХронология2psbo aВеликая Октябрьская социалистическая революцияyКазахстанxХронология2psbo 1aКульбаевbС.Б.gСулеймен Будыкович422002a"Знание", о-во КазССРcАлма-Ата3RU\NLR\AUTH\889959125 0aRUbNLRgpsbo 1aRUbELAR2rusmarc aNLRj60-4/7043